000 00820nas a2200265 4500
001 BR9802761
003 BR-BrBNA
005 20231205100755.0
007 ta
008 230509b bl.|||p| |||| 00| 00por d
040 _aBR-BrBNA
_bpor
_cBiblioteca Nacional de Agricultura
041 _a(Pt)
072 _aP40; C30
100 1 _aCampos, S.P. de
100 1 _aCardoso, L.G.
100 1 _aCataneo, A.
245 1 _aObtencao de modelo digital de elevacao utilizando o surfer-5.0 com dados importados do SIG IDRISI-4.1
650 _aInstrumento Meteorologico
650 _aClimatologia
650 _aComputador
650 _aBase de Dados
773 0 _tEnergia na Agricultura (Brazil)
_xISSN 0102-9169
_g(1997), v. 12(3) p. 26-32
_wBR9802761
909 _a202311
_bLúcia
_c55
_dLúcia Elande
942 _2AGRIS
_n0
_cANA
999 _c157988
_d157988